Statistiques concernant 50 verbes les plus utilisé à l'écrit

Cliquez ici pour prendre le quiz!

Statistiques générales

  • Ce quiz a été pris 770 fois
  • Le résultat moyen est 21 sur 50

Statistiques - réponses

RangVerbe% Correct
2avoir
98%
1être
98%
3faire
84%
6aller
81%
4dire
77%
7voir
74%
16prendre
71%
5pouvoir
67%
17parler
66%
10venir
65%
44écrire
64%
8savoir
63%
18aimer
58%
9vouloir
58%
15donner
51%
27entendre
50%
12devoir
48%
20mettre
48%
13croire
47%
28regarder
47%
26penser
45%
34sentir
44%
22tenir
42%
11falloir
39%
36vivre
37%
14trouver
34%
38sortir
33%
21demander
32%
41entrer
30%
39comprendre
29%
40porter
27%
37chercher
26%
45appeler
25%
31connaître
25%
29répondre
24%
42devenir
23%
48commencer
22%
19passer
22%
30rendre
22%
43revenir
22%
35attendre
21%
33arriver
20%
32paraître
19%
25rester
18%
23sembler
18%
24laisser
16%
49suivre
16%
50montrer
14%
46tomber
12%
47reprendre
8%

Distribution des résultats

Percentile par nombre de réponses

% des personnes avec chaque résultat

Votre développement - résultats

Vous n’avez pas pris ce quiz